Meltdown : A Free-Market Look at Why the Stock Market Collapsed, the Economy Tanked, and Government Bailouts Will Make Things Worse /
Na minha lista:
| Autor principal: | |
|---|---|
| Formato: | Livro |
| Idioma: | inglês |
| Publicado em: |
Washington, EUA :
Regnery,
2009, c2009
|
| Assuntos: | |
| Tags: |
Sem tags, seja o primeiro a adicionar uma tag!
|
MARC
| LEADER | 00000nam^a2200000^a^4500 | ||
|---|---|---|---|
| 001 | 000291204 | ||
| 005 | 20250521000000.0 | ||
| 009 | 20260310112031.142 | ||
| 020 | |a 978-1-59698-587-2 | ||
| 037 | |a Acervo ITESO - Biblioteca | ||
| 041 | |a ING | ||
| 082 | |a 330. 97309311 |b WOO | ||
| 100 | |a Woods, Thomas E., |e (autor) | ||
| 245 | 1 | 0 | |a Meltdown : |b A Free-Market Look at Why the Stock Market Collapsed, the Economy Tanked, and Government Bailouts Will Make Things Worse / |c T.E. Woods, hijo ; pról. de Ron Paul. |
| 264 | 4 | |a Washington, EUA : |b Regnery, |c 2009, c2009 | |
| 300 | |a XI, 194 p. | ||
| 336 | |a texto |b txt |2 rdacontenido | ||
| 337 | |a sin mediación |b n |2 rdamedio | ||
| 338 | |a volumen |b nc |2 rdasoporte | ||
| 649 | |a XX | ||
| 650 | |a Mercado de Valores - |z EUA | ||
| 650 | |a Crisis Económica - |z EUA - |x Tema Principal | ||
| 650 | |a Sistema Financiero - |z EUA | ||
| 650 | |a Capitalismo - |z EUA | ||
| 650 | |a Política Financiera - |z EUA - |x Tema Principal | ||
| 650 | |a Política Económica - |z EUA | ||
| 650 | |a Políticas Públicas - |z EUA | ||
| 650 | |a Finanzas Públicas - |z EUA - |x Historia - |y 2001-2009 | ||
| 650 | |a Economía - |z EUA - |x Historia - |y 2001-2009 - |x Tema Principal | ||
| 650 | |a EUA - |x Condiciones Económicas | ||
| 910 | |a Fondo General | ||
| 920 | |a Impresos - Libros | ||
| 930 | |a Colección General | ||
| 905 | |a 101 | ||
| 901 | |a 0500177851 |b IT1 |c ACC |i 000054 |u 20250521 | ||
| 902 | |a https://opac.biblio.iteso.mx/vufind/Record/000291204 | ||